| 000 | 00427nam a2200181Ia 4500 | ||
|---|---|---|---|
| 003 | GCL | ||
| 008 | 140319s9999 xx 000 0 eng d | ||
| 040 |
_aGCL / _cGCL |
||
| 082 | 0 | 4 |
_a160 _bA P |
| 100 | 1 | _aAUDI, ROBERT | |
| 245 | 1 | 0 |
_aPRACTICAL REASONING / _cAUDI, ROBERT |
| 260 |
_a[S.N] : _bROUTLEDGE ، _c1991 |
||
| 300 | _a214 P | ||
| 650 | 0 | 4 | _aPHILOSOPHY |
| 650 | 0 | 4 | _aETHICS |
| 650 | 0 | 4 | _aREASONING |
| 942 |
_2ddc _cBK |
||
| 999 |
_c21429 _d21429 |
||